Southville International School and Colleges
Your cart is empty.
  • Cart
  • Lists
    Public lists Eva Luna New books Lux_list list_1
    Your lists Log in to create your own lists
  • Log in to your account
  • Your cookies
  • Search history
Southville International School and Colleges
  • Advanced search
  • Recent comments
  • Most popular
  • Libraries

Log in to your account

Log in with GOOGLE


If you do not have an external account, but do have a local account, you can still log in:

  1. Home
  2. MARC view: Conceptual physics /
Normal view MARC view ISBD view

Conceptual physics / (Record no. 16686)

[ view plain ]
MARC details
000 -LEADER
fixed length control field 00597nam a22002177a 4500
003 - CONTROL NUMBER IDENTIFIER
control field OSt
005 - DATE AND TIME OF LATEST TRANSACTION
control field 20150908083314.0
008 - FIXED-LENGTH DATA ELEMENTS--GENERAL INFORMATION
fixed length control field 130604t xxu||||| |||| 00| 0 eng d
020 ## - INTERNATIONAL STANDARD BOOK NUMBER
International Standard Book Number M 530 H49 1998
050 ## - LIBRARY OF CONGRESS CALL NUMBER
Classification number QC 23
Item number .H611 1998
082 ## - DEWEY DECIMAL CLASSIFICATION NUMBER
Classification number M 530
Item number H49 1998
100 ## - MAIN ENTRY--PERSONAL NAME
Personal name Hewitt, Paul G.
245 ## - TITLE STATEMENT
Title Conceptual physics /
Statement of responsibility, etc Paul G. Hewitt.
250 ## - EDITION STATEMENT
Edition statement 8th edition.
260 ## - PUBLICATION, DISTRIBUTION, ETC. (IMPRINT)
Place of publication, distribution, etc Reading, Massachusetts :
Name of publisher, distributor, etc Addison-Wesley,
Date of publication, distribution, etc 1998.
300 ## - PHYSICAL DESCRIPTION
Extent xxi, 739 pages. :
Other physical details illustrations ;
Dimensions 25 cm.
526 ## - STUDY PROGRAM INFORMATION NOTE
Reading level college students
562 ## - COPY AND VERSION IDENTIFICATION NOTE
Number of copies 1
942 ## - ADDED ENTRY ELEMENTS (KOHA)
Source of classification or shelving scheme Library of Congress Classification
Koha item type Books
Call number prefix Foreign
Holdings
Withdrawn status Lost status Source of classification or shelving scheme Damaged status Home library Current library Shelving location Date acquired Total Checkouts Full call number Barcode Date last seen Copy number Price effective from Koha item type Source of acquisition Sub Shelving location
    Library of Congress Classification   College Library College Library General Circulation Section 06/04/2013   QC 23 .H611 1998 C3948 05/15/2018 1 06/04/2013 Books    
    Library of Congress Classification   College Library College Library General Circulation Section 09/08/2015   QC 23 .H611 1998 C19968 05/15/2018   09/08/2015 Books Donation  

Conceptual physics /

APA

Hewitt P. G., . (1998). Conceptual physics. Reading, Massachusetts: Addison-Wesley.

Chicago

Hewitt Paul G, . 1998. Conceptual physics. Reading, Massachusetts: Addison-Wesley.

Harvard

Hewitt P. G., . (1998). Conceptual physics. Reading, Massachusetts: Addison-Wesley.

MLA

Hewitt Paul G, . Conceptual physics. Reading, Massachusetts: Addison-Wesley. 1998.

  • Place hold
  • Print
  • Cite
  • Add to your cart (remove)
  • Save record
    BIBTEX Dublin Core MARCXML MARC (non-Unicode/MARC-8) MARC (Unicode/UTF-8) MARC (Unicode/UTF-8, Standard) MODS (XML) RIS
  • More searches
    Search for this title in:
    Other Libraries (WorldCat) Other Databases (Google Scholar) Online Stores (Bookfinder.com) Open Library (openlibrary.org)

Exporting to Dublin Core...

SOUTHVILLE LIBRARY

Southville International School and Colleges Library

1281 Tropical Ave. Cor. Luxembourg St., BF Homes International, Las Pinas City

Tel. No. 8256374 / 252358 Loc. 117/146

Powered by Koha